[Event "Hastings International Chess Congress"]
[Site "?"]
[Date "2012.12.30"]
[Round "3.1"]
[White "Vovk, GM Andrey"]
[Black "Gao, IM Rui"]
[Result "1/2-1/2"]
[WhiteElo "2567"]
[BlackElo "2450"]
[PlyCount "48"]
[EventDate "2012.??.??"]
[TimeControl "6600+1750"]
[WhiteClock "0:18:45"]
[BlackClock "0:09:14"]

1. e4 c5 2. Nf3 d6 3. Bb5+ Nd7 4. O-O a6 5. Bd3 Ngf6 6. c3 b5 7. Bc2 Bb7 8. Qe2
g6 9. d4 Bg7 10. Re1 cxd4 11. cxd4 Rc8 12. Bd3 O-O 13. a4 Qb6 14. axb5 axb5 15.
Bd2 Ra8 16. Na3 Rfb8 17. Rac1 Nf8 18. d5 Ng4 19. Nxb5 Ba6 20. Rc6 Qxf2+ 21.
Qxf2 Nxf2 22. Kxf2 Bxb5 23. Bxb5 Rxb5 24. Bc3 Bxc3 1/2-1/2

[Event "Hastings International Chess Congress"]
[Site "?"]
[Date "2012.12.30"]
[Round "3.2"]
[White "Pert, GM Nicholas"]
[Black "Kirk, Ezra"]
[Result "1-0"]
[WhiteElo "2557"]
[BlackElo "2254"]
[PlyCount "85"]
[EventDate "2012.??.??"]
[TimeControl "6600+1225"]
[WhiteClock "0:42:32"]
[BlackClock "0:50:02"]

1. Nf3 Nf6 2. g3 g6 3. Bg2 Bg7 4. O-O O-O 5. d4 d6 6. a4 a5 7. Nc3 d5 8. Re1 c6
9. e4 dxe4 10. Nxe4 Na6 11. Bg5 Nc7 12. Qd2 Ncd5 13. Nc5 Re8 14. Bh6 Bh8 15. h3
Nd7 16. Nd3 N7b6 17. b3 Nf6 18. Rad1 Nbd5 19. Nde5 Bg7 20. Bxg7 Kxg7 21. Re2
Rf8 22. Rde1 e6 23. c4 Ne7 24. Qb2 Ne8 25. h4 f6 26. Nd3 Nc7 27. Nf4 Kf7 28. g4
c5 29. d5 e5 30. g5 Nf5 31. Nd3 b6 32. gxf6 Qxf6 33. Qxe5 Ne8 34. Ng5+ Kg8 35.
d6 Ra7 36. Qxe8 Rxe8 37. Rxe8+ Kg7 38. Rxc8 Qxd6 39. Nf4 Nxh4 40. Bd5 Kh6 41.
Nfe6 Kh5 42. Rd8 Rd7 43. Nf7 1-0

[Event "Hastings International Chess Congress"]
[Site "?"]
[Date "2012.12.30"]
[Round "3.3"]
[White "Rendle, IM Thomas E"]
[Black "Sulskis, GM Sarunas"]
[Result "0-1"]
[WhiteElo "2381"]
[BlackElo "2550"]
[PlyCount "50"]
[EventDate "2012.??.??"]

1. e4 d6 2. d4 Nf6 3. Nc3 g6 4. Bg5 c6 5. Qd2 b5 6. Bd3 Nbd7 7. f4 Bg7 8. Nf3
O-O 9. f5 b4 10. Ne2 d5 11. exd5 cxd5 12. fxg6 hxg6 13. h4 Ne4 14. Qxb4 Rb8 15.
Qa3 Nxg5 16. hxg5 e5 17. dxe5 Nxe5 18. Qxa7 Nxd3+ 19. cxd3 Rxb2 20. Kf1 Re8 21.
Ned4 Qd6 22. Re1 Rxe1+ 23. Nxe1 Qg3 24. Nc6 Bc3 25. Ne7+ Kg7 0-1

[Event "Hastings International Chess Congress"]
[Site "?"]
[Date "2012.12.30"]
[Round "3.4"]
[White "Burns-Mannion, IM Stephen R"]
[Black "Vocaturo, GM Daniele"]
[Result "0-1"]
[WhiteElo "2351"]
[BlackElo "2521"]
[PlyCount "108"]
[EventDate "2012.??.??"]

1. e4 c5 2. Nf3 d6 3. d4 cxd4 4. Nxd4 Nf6 5. Nc3 g6 6. Be3 Bg7 7. f3 O-O 8. Qd2
Nc6 9. O-O-O d5 10. Qe1 e5 11. Nxc6 bxc6 12. exd5 Nxd5 13. Bc4 Be6 14. Ne4 Qc7
15. Bc5 Rfd8 16. Qh4 h6 17. g4 a5 18. g5 h5 19. Qf2 Rab8 20. a4 Qb7 21. b3 Nf4
22. Bxe6 Nxe6 23. Ba7 Ra8 24. Be3 Nd4 25. Rd3 Qb4 26. Kb2 Rab8 27. Ra1 c5 28.
Bd2 Qb6 29. Rc3 Rdc8 30. Qf1 c4 31. Rxc4 Nxc2 32. Rxc8+ Rxc8 33. Rc1 Rb8 34.
Qc4 Nd4 35. Rc3 Qb7 36. Ka2 Qd7 37. h4 Qh3 38. Qc7 Rf8 39. Qxa5 Qxh4 40. Qd5
Qh2 41. a5 Qe2 42. Qb7 Qb5 43. a6 h4 44. Rc5 Qe8 45. a7 h3 46. Nd6 Qe6 47. Nc8
h2 48. Rc1 h1=Q 49. a8=Q Qg2 50. Qa5 Nxf3 51. Rc2 e4 52. Qc5 Nxd2 53. Nd6 Qf1
54. Rc1 Qd3 0-1

[Event "Hastings International Chess Congress"]
[Site "?"]
[Date "2012.12.30"]
[Round "3.5"]
[White "Eames, FM Robert S"]
[Black "Alsina Leal, GM Daniel"]
[Result "0-1"]
[WhiteElo "2263"]
[BlackElo "2511"]
[PlyCount "70"]
[EventDate "2012.??.??"]

1. d4 Nf6 2. c4 g6 3. Nc3 d5 4. Nf3 Bg7 5. Qb3 dxc4 6. Qxc4 O-O 7. e4 a6 8. Be2
b5 9. Qb3 c5 10. dxc5 Be6 11. Qc2 Nbd7 12. c6 Nb8 13. a4 b4 14. Nd5 Nxd5 15.
exd5 Qxd5 16. c7 Nc6 17. Be3 b3 18. Qc1 Qa5+ 19. Kf1 Qxc7 20. Bh6 Rfc8 21. Bxg7
Kxg7 22. Qc3+ f6 23. Ng5 Bg8 24. Bg4 Ne5 25. Bxc8 Qxc3 26. bxc3 Rxc8 27. Ne4
Bc4+ 28. Kg1 Bd3 29. Nd2 b2 30. Re1 Rxc3 31. h3 Nc4 32. Nb1 Bxb1 33. Rxb1 Rc1+
34. Kh2 Rxh1+ 35. Kxh1 Kf7 0-1

[Event "Hastings International Chess Congress"]
[Site "?"]
[Date "2012.12.30"]
[Round "3.6"]
[White "Williams, GM Simon K"]
[Black "Atako, Chino C"]
[Result "1-0"]
[WhiteElo "2515"]
[BlackElo "2117"]
[PlyCount "85"]
[EventDate "2012.??.??"]
[TimeControl "6600+1365"]
[WhiteClock "0:44:27"]
[BlackClock "0:12:16"]

1. e4 e6 2. Nf3 d5 3. Nc3 Nf6 4. e5 Nfd7 5. d4 c5 6. dxc5 Nc6 7. Bf4 Bxc5 8.
Bd3 h6 9. Qe2 a6 10. O-O Nb4 11. h4 Be7 12. h5 Nc5 13. Nd4 Bd7 14. Qg4 Ncxd3
15. cxd3 Bg5 16. Rad1 Bxf4 17. Qxf4 Qg5 18. Qh2 f5 19. Nce2 O-O 20. Nf4 Rfe8
21. a3 Nc6 22. Nxc6 bxc6 23. d4 Reb8 24. Rd2 Rb3 25. Rc1 Rab8 26. Rcc2 Rxa3 27.
g3 Rf3 28. Qg2 Rbb3 29. Rc3 Rfxc3 30. bxc3 Rxc3 31. Rb2 Qd8 32. Qf1 Rc4 33. Qb1
Qg5 34. Rb8+ Kh7 35. Ng6 Qxh5 36. Nf8+ Kg8 37. Nxd7+ Kf7 38. Nf8 Kg8 39. Nxe6+
Kh7 40. Nf8+ Kg8 41. e6 Rxd4 42. Nd7+ Kh7 43. Nf6+ 1-0

[Event "Hastings International Chess Congress"]
[Site "?"]
[Date "2012.12.30"]
[Round "3.7"]
[White "Hebden, GM Mark L"]
[Black "Duff, Rufus"]
[Result "0-1"]
[WhiteElo "2547"]
[BlackElo "2114"]
[PlyCount "102"]
[EventDate "2012.??.??"]
[TimeControl "6600+860"]
[WhiteClock "0:50:30"]
[BlackClock "0:40:21"]

1. d4 d5 2. Nf3 Nf6 3. c4 e6 4. Bg5 h6 5. Bxf6 Qxf6 6. Nc3 Bb4 7. e3 O-O 8. Be2
dxc4 9. O-O Qe7 10. Bxc4 c5 11. Ne4 cxd4 12. a3 Ba5 13. Nxd4 a6 14. Rc1 Bd7 15.
Qh5 Bb6 16. Rfd1 Rd8 17. b4 Ba4 18. Bb3 Be8 19. Nc5 Nc6 20. h3 Nxd4 21. exd4
Bc6 22. Rc3 Qf6 23. Qg4 Rd6 24. Rcd3 Rad8 25. Bc4 g6 26. R1d2 h5 27. Qd1 Kg7
28. Qa1 Bxc5 29. bxc5 R6d7 30. Rd1 Bd5 31. Bxd5 Rxd5 32. Qc3 R8d7 33. R3d2 Kh7
34. Qe3 Qd8 35. Rb1 e5 36. Rb6 exd4 37. Qf3 Rf5 38. Qe4 Rxc5 39. Rxb7 Rxb7 40.
Qxb7 Rc1+ 41. Kh2 Qd6+ 42. g3 Rc7 43. Qe4 Rd7 44. Rd3 Qd5 45. Qxd5 Rxd5 46. Kg2
f5 47. Kf3 Kg7 48. Ke2 Kf6 49. Rb3 Rb5 50. Rf3 Ke5 51. h4 Rb2+ 0-1

[Event "Hastings International Chess Congress"]
[Site "?"]
[Date "2012.12.30"]
[Round "3.8"]
[White "Hutchinson, Norman A"]
[Black "Sumets, GM Andrey"]
[Result "0-1"]
[WhiteElo "2108"]
[BlackElo "2638"]
[PlyCount "80"]
[EventDate "2012.??.??"]
[TimeControl "6600+680"]
[WhiteClock "0:35:57"]
[BlackClock "0:56:52"]

1. e4 c6 2. d4 d5 3. Nc3 g6 4. e5 Nh6 5. h4 Bg7 6. Bg5 f6 7. exf6 exf6 8. Bf4
O-O 9. Qd2 Nf7 10. Nf3 Re8+ 11. Be2 Bg4 12. O-O Nd7 13. Rfe1 Nb6 14. Nd1 f5 15.
Ng5 Rxe2 16. Rxe2 Nc4 17. Qe1 Bxe2 18. Qxe2 Nxg5 19. Bxg5 Qe8 20. Ne3 Bxd4 21.
c3 Bxe3 22. Re1 Qe4 23. Bxe3 Nxe3 24. f3 Qe7 25. Qxe3 Qxe3+ 26. Rxe3 Kf7 27.
Kf2 Re8 28. Rd3 Ke6 29. Rd4 Kd6 30. g4 fxg4 31. Rxg4 Re5 32. Ra4 a6 33. b4 Rf5
34. Ra3 Rf4 35. Kg3 Rc4 36. Rb3 Ke5 37. a4 b6 38. a5 b5 39. Ra3 Kd6 40. Rb3 c5
0-1

[Event "Hastings International Chess Congress"]
[Site "?"]
[Date "2012.12.30"]
[Round "3.9"]
[White "McKenna, Jason P"]
[Black "Zhou, IM Yang-Fan"]
[Result "1-0"]
[WhiteElo "2102"]
[BlackElo "2419"]
[PlyCount "89"]
[EventDate "2012.??.??"]
[TimeControl "6600+1870"]
[WhiteClock "0:34:07"]
[BlackClock "1:12:20"]

1. e4 c5 2. Nf3 d6 3. d4 Nf6 4. Nc3 cxd4 5. Nxd4 g6 6. Be3 a6 7. f3 b5 8. Qd2
Bb7 9. a4 b4 10. Nd1 e5 11. Nb3 d5 12. Bg5 Nbd7 13. exd5 Bxd5 14. Qxd5 Nxd5 15.
Bxd8 Kxd8 16. a5 N7f6 17. Bc4 Bd6 18. O-O Kc7 19. Re1 Kb7 20. Nf2 Rac8 21.
Bxd5+ Nxd5 22. Rad1 Kc6 23. Re4 Nf6 24. Rc4+ Kd7 25. Rxb4 Rxc2 26. Rb6 Rc6 27.
Nc5+ Rxc5 28. Rbxd6+ Ke7 29. Rxf6 Rxa5 30. Rb6 Rc8 31. Ne4 Rb5 32. Rxb5 axb5
33. Nc3 Rc5 34. Rd5 Rxd5 35. Nxd5+ Kd6 36. Nc3 Kc5 37. Kf2 Kc4 38. Ke3 f5 39.
Nd1 h6 40. Nf2 Kb3 41. Nd3 g5 42. g4 f4+ 43. Ke4 Kc2 44. h3 Kd2 45. Nxe5 1-0

[Event "Hastings International Chess Congress"]
[Site "?"]
[Date "2012.12.30"]
[Round "3.10"]
[White "Gregory, Stephen J"]
[Black "Ashton, FM Adam G"]
[Result "0-1"]
[WhiteElo "2086"]
[BlackElo "2366"]
[PlyCount "92"]
[EventDate "2012.??.??"]

1. e4 e5 2. Bc4 Nf6 3. Qe2 Bc5 4. Nf3 O-O 5. d3 c6 6. O-O Re8 7. c3 d5 8. Bb3
Nbd7 9. Nbd2 Nf8 10. Nxe5 Rxe5 11. d4 Rh5 12. dxc5 Ng6 13. exd5 cxd5 14. Re1
Qc7 15. Nf1 Bd7 16. Ng3 Re5 17. Be3 Ng4 18. Qd2 h5 19. Bd4 Rxe1+ 20. Rxe1 h4
21. Nf1 Bb5 22. Qg5 Qf4 23. Qxf4 Nxf4 24. h3 Nh6 25. Nd2 Nf5 26. Kh2 Nd3 27.
Rb1 Re8 28. Bxd5 Re2 29. Ne4 Bc6 30. Bxc6 bxc6 31. Nd6 Nxd4 32. cxd4 Rxf2 33.
Nc8 Nf4 34. Nxa7 Rxg2+ 35. Kh1 Rd2 36. Nxc6 Nxh3 37. d5 Ng5 38. Rf1 Ne4 39. Rf3
g5 40. b4 g4 41. Re3 Nf2+ 42. Kg1 g3 43. Re8+ Kh7 44. Kg2 Nd3+ 45. Kf3 g2 46.
Re4 Rf2+ 0-1

[Event "Hastings International Chess Congress"]
[Site "?"]
[Date "2012.12.30"]
[Round "3.11"]
[White "Hamitevici, IM Vladimir"]
[Black "Wadsworth, Matthew J"]
[Result "1-0"]
[WhiteElo "2440"]
[BlackElo "2067"]
[PlyCount "79"]
[EventDate "2012.??.??"]
[TimeControl "6600+835"]
[WhiteClock "0:46:22"]
[BlackClock "0:21:41"]

1. e4 c6 2. Ne2 d5 3. e5 Bf5 4. Ng3 Bg6 5. h4 h6 6. h5 Bh7 7. e6 fxe6 8. d4 Nf6
9. Bd3 Bxd3 10. Qxd3 Na6 11. O-O Qd7 12. Qg6+ Kd8 13. c3 Qe8 14. Nd2 Qxg6 15.
hxg6 e5 16. dxe5 Nd7 17. f4 e6 18. Nh5 Bc5+ 19. Kh1 Rg8 20. g4 Kc7 21. Nb3 Rae8
22. Bd2 Bb6 23. Rae1 Nac5 24. Nxc5 Bxc5 25. f5 exf5 26. e6 Nf6 27. Nxf6 gxf6
28. gxf5 Bd6 29. Kg2 h5 30. Rh1 Rh8 31. Rh4 Be7 32. Reh1 c5 33. Kf3 Kd6 34.
Bf4+ Kc6 35. Rxh5 Rhg8 36. Rh7 b6 37. Rf7 a6 38. Rhh7 Bd8 39. e7 Bc7 40. Rxf6+
1-0

[Event "Hastings International Chess Congress"]
[Site "?"]
[Date "2012.12.30"]
[Round "3.12"]
[White "Prosviriakov, IM Vladimir"]
[Black "Safarian, Alek"]
[Result "1-0"]
[WhiteElo "2293"]
[BlackElo "2050"]
[PlyCount "55"]
[EventDate "2012.??.??"]
[TimeControl "6600+610"]
[WhiteClock "0:38:31"]
[BlackClock "0:07:01"]

1. f4 d5 2. Nf3 g6 3. g3 Bg7 4. Bg2 c5 5. O-O Nc6 6. d3 f5 7. c3 Nf6 8. Ne5 O-O
9. Nxc6 bxc6 10. Nd2 e5 11. fxe5 Ng4 12. Nf3 Nxe5 13. Nxe5 Bxe5 14. Qa4 Qb6 15.
Bh6 Rd8 16. Qh4 Re8 17. Rab1 Be6 18. Qa4 Rab8 19. Bf4 c4+ 20. Kh1 Bxf4 21. Rxf4
cxd3 22. exd3 Qb5 23. Qd4 c5 24. Qa4 Qxd3 25. Rd1 Qe2 26. b4 cxb4 27. cxb4 Rb5
28. Bf1 1-0

[Event "Hastings International Chess Congress"]
[Site "?"]
[Date "2012.12.30"]
[Round "3.13"]
[White "Ternault, Mathieu"]
[Black "Farid, IM Firman Syah"]
[Result "0-1"]
[WhiteElo "2147"]
[BlackElo "2338"]
[PlyCount "164"]
[EventDate "2012.??.??"]

1. d4 d6 2. c4 g6 3. Nc3 Bg7 4. Nf3 Nf6 5. e4 O-O 6. Be2 Bg4 7. Be3 Nfd7 8. Ng1
Bxe2 9. Ngxe2 c5 10. O-O a6 11. b3 Nc6 12. Qd2 Rb8 13. Rfd1 b5 14. cxb5 axb5
15. Rac1 c4 16. bxc4 bxc4 17. Nd5 Na5 18. Nxe7+ Qxe7 19. Qxa5 Qxe4 20. Rxc4 Ne5
21. Rc7 Ng4 22. Ng3 Qe6 23. d5 Qe5 24. Nf1 Rb2 25. Qa7 Qh5 26. Bd4 Bxd4 27.
Qxd4 Rxa2 28. Rd2 Rxd2 29. Qxd2 Qe5 30. h3 Nf6 31. Ne3 Rb8 32. Rc1 Ne4 33. Qd3
Qf4 34. Qe2 h5 35. g3 Qe5 36. Kg2 Rb2 37. Rc2 Nxg3 38. fxg3 Rxc2 39. Qxc2 Qxe3
40. Qa2 Kg7 41. Qb2+ Qe5 42. Qd2 g5 43. Kf3 Qf5+ 44. Kg2 Kg6 45. Qd4 g4 46. h4
Qf3+ 47. Kh2 Qe2+ 48. Kg1 Qc2 49. Kh1 f6 50. Qe3 Qd1+ 51. Kh2 Qxd5 52. Qe8+ Qf7
53. Qe4+ Kg7 54. Qf5 Qa2+ 55. Kh1 Qa1+ 56. Kh2 Qb2+ 57. Kh1 Qe5 58. Qd7+ Kg6
59. Qc8 d5 60. Qg8+ Kf5 61. Qh7+ Ke6 62. Qg8+ Kd7 63. Qf7+ Kc6 64. Qf8 d4 65.
Qc8+ Kb5 66. Qc2 Qd5+ 67. Kh2 Qf3 68. Qb2+ Kc4 69. Qa2+ Kd3 70. Qb1+ Ke3 71.
Qc1+ Ke2 72. Qc2+ Ke1 73. Qc1+ Qd1 74. Qc5 Qe2+ 75. Kh1 Qf1+ 76. Kh2 Qh3+ 77.
Kg1 Qxg3+ 78. Kh1 Qxh4+ 79. Kg1 Qf2+ 80. Kh1 Qf3+ 81. Kg1 Qe3+ 82. Kh1 Kf2 0-1

[Event "Hastings International Chess Congress"]
[Site "?"]
[Date "2012.12.30"]
[Round "3.14"]
[White "Hagen, Anders Gjerdrum"]
[Black "Rudd, IM Jack"]
[Result "0-1"]
[WhiteElo "2126"]
[BlackElo "2288"]
[PlyCount "58"]
[EventDate "2012.??.??"]
[TimeControl "6600+755"]
[WhiteClock "0:03:36"]
[BlackClock "1:34:24"]

1. d4 Nf6 2. c4 e6 3. Nc3 c5 4. d5 exd5 5. cxd5 d6 6. g3 g6 7. Bg2 Bg7 8. Nf3
O-O 9. O-O Re8 10. Nd2 a6 11. a4 Nbd7 12. h3 Nh5 13. Kh2 f5 14. a5 Ne5 15. f4
Nf7 16. e4 Nf6 17. Re1 fxe4 18. Ndxe4 Bf5 19. Bd2 b5 20. axb6 Qxb6 21. Na4 Qb5
22. Nxf6+ Bxf6 23. g4 Bd7 24. Bc3 Bxc3 25. bxc3 Rxe1 26. Qxe1 Qb3 27. f5 g5 28.
Bf3 Bxa4 29. Bd1 Qb2+ 0-1

[Event "Hastings International Chess Congress"]
[Site "?"]
[Date "2012.12.30"]
[Round "3.15"]
[White "Sihite, WIM Chelsie Monica"]
[Black "Cafferty, FM Bernard"]
[Result "1/2-1/2"]
[WhiteElo "2277"]
[BlackElo "2105"]
[PlyCount "60"]
[EventDate "2012.??.??"]

1. e4 Nf6 2. Nc3 d5 3. e5 d4 4. exf6 dxc3 5. fxg7 cxd2+ 6. Qxd2 Qxd2+ 7. Bxd2
Bxg7 8. O-O-O Nc6 9. Ne2 Bg4 10. f3 Bd7 11. Bc3 Rg8 12. Bxg7 Rxg7 13. Nf4 O-O-O
14. g3 Ne5 15. Be2 Bc6 16. Rxd8+ Kxd8 17. Rd1+ Ke8 18. Nd5 Bxd5 19. Rxd5 Nd7
20. Bd3 Nf6 21. Rb5 b6 22. a4 e6 23. a5 Ke7 24. axb6 axb6 25. Rb4 Nd7 26. Rh4
Ne5 27. f4 Nxd3+ 28. cxd3 f5 29. Rh6 Kd6 30. Kd2 c5 1/2-1/2

[Event "Hastings International Chess Congress"]
[Site "?"]
[Date "2012.12.30"]
[Round "3.16"]
[White "Ledger, FM Dave J"]
[Black "Jones, William E G"]
[Result "1-0"]
[WhiteElo "2266"]
[BlackElo "2094"]
[PlyCount "59"]
[EventDate "2012.??.??"]

1. e4 c5 2. Nf3 d6 3. d4 cxd4 4. Nxd4 Nf6 5. Nc3 a6 6. Be3 e5 7. Nb3 Be6 8. f3
h5 9. Qd2 Nbd7 10. O-O-O Rc8 11. Kb1 Qc7 12. Bd3 Be7 13. h3 h4 14. f4 b5 15.
Rhe1 O-O 16. Qf2 b4 17. Nd5 Bxd5 18. exd5 Nxd5 19. Bxa6 Nxe3 20. Rxe3 Ra8 21.
Bb5 Nb6 22. g4 Qa7 23. Nc1 Qa5 24. Qe2 Rfc8 25. Rb3 Rc5 26. Bd3 Nd5 27. Qe4 g6
28. Rf1 exf4 29. Bc4 Rxc4 30. Qxc4 1-0

[Event "Hastings International Chess Congress"]
[Site "?"]
[Date "2012.12.30"]
[Round "3.17"]
[White "Waddington, FM Mike P"]
[Black "Stewart, FM Neil"]
[Result "1/2-1/2"]
[WhiteElo "2117"]
[BlackElo "2264"]
[PlyCount "220"]
[EventDate "2012.??.??"]

1. Nc3 d5 2. e4 dxe4 3. Nxe4 Bf5 4. Qf3 e6 5. Ng3 Bxc2 6. Qxb7 Nd7 7. Bb5 Ngf6
8. Nf3 Bd6 9. O-O O-O 10. Qc6 Bg6 11. d4 Rb8 12. a3 Qe7 13. Re1 Rb6 14. Qc4
Rfb8 15. Bc6 Rb3 16. Qa4 R3b6 17. Re3 a6 18. b4 Rd8 19. Nh4 Nb8 20. Bf3 Nd5 21.
Nxg6 hxg6 22. Re1 Bxg3 23. hxg3 Qd7 24. Qd1 Nf6 25. Bf4 Nd5 26. Bg5 Re8 27. Rc1
Rc6 28. Rc5 Rd6 29. Qc2 Nc6 30. Qc4 Nce7 31. Rc1 f6 32. Be3 Nf5 33. Bd2 Re7 34.
g4 Nb6 35. Qxa6 Nd5 36. Qc4 Nxd4 37. Qxd4 Nb6 38. Qe4 Rxd2 39. Qxg6 Qd4 40. Rf1
Nd7 41. Rxc7 Nf8 42. Rc8 Rc7 43. Qe8 Rxc8 44. Qxc8 Ra2 45. Qa8 Qc3 46. b5 Ra1
47. Qe4 Rxf1+ 48. Kxf1 Qxa3 49. Qb1 Nd7 50. Bc6 Ne5 51. Kg1 Qc3 52. Be4 Nxg4
53. Qd1 f5 54. Bf3 Qc5 55. Bxg4 fxg4 56. Qxg4 Qxb5 57. Qxe6+ Kh7 58. f4 Qd3 59.
Kh2 Qf1 60. Kg3 g6 61. Qe4 Kh6 62. Qe7 Qd3+ 63. Kh4 Qf1 64. Qf8+ Kh7 65. Qe7+
Kh6 66. Qe5 Kh7 67. g3 Qf3 68. Kh3 Qd1 69. Kh4 Qf3 70. g4 Qh1+ 71. Kg5 Qh6+ 72.
Kf6 Qf8+ 73. Ke6 Qe8+ 74. Kf6 Qf8+ 75. Ke6 Qe8+ 76. Kd6 Qd8+ 77. Kc6 Qa8+ 78.
Kd7 Qf3 79. g5 Kg8 80. Qe8+ Kg7 81. Qe7+ Kg8 82. Qd6 Kg7 83. Qf6+ Kh7 84. Qf7+
Kh8 85. Qf8+ Kh7 86. Qh6+ Kg8 87. Qxg6+ Kh8 88. Qf6+ Kg8 89. Ke6 Qb3+ 90. Ke5
Qb2+ 91. Kd6 Qb6+ 92. Kd5 Qb5+ 93. Kd4 Qb2+ 94. Ke4 Qb1+ 95. Kf3 Qf1+ 96. Kg3
Qg1+ 97. Kh4 Qh1+ 98. Kg4 Qg1+ 99. Kf5 Qb1+ 100. Ke6 Qb3+ 101. Kd7 Qb7+ 102.
Ke8 Qb5+ 103. Ke7 Qb7+ 104. Kd8 Qb8+ 105. Kd7 Qb7+ 106. Kd6 Qb6+ 107. Kd5 Qb5+
108. Kd4 Qb2+ 109. Kd3 Qxf6 110. gxf6 Kf7 1/2-1/2

[Event "Hastings International Chess Congress"]
[Site "?"]
[Date "2012.12.30"]
[Round "3.18"]
[White "Snape, Ian L"]
[Black "Barton, R Alan"]
[Result "1-0"]
[WhiteElo "2245"]
[BlackElo "2080"]
[PlyCount "99"]
[EventDate "2012.??.??"]
[TimeControl "6600+945"]
[WhiteClock "1:02:37"]
[BlackClock "0:43:27"]

1. e4 e6 2. d4 a6 3. Nc3 b5 4. Bd3 Bb7 5. Nf3 c5 6. O-O cxd4 7. Nxd4 Nc6 8. Nb3
Nf6 9. Re1 d6 10. f4 Be7 11. a4 b4 12. Nb1 Qc7 13. Be3 O-O 14. N1d2 Rfe8 15. a5
Nd7 16. Qg4 Bf6 17. Nc4 Rad8 18. Rad1 d5 19. Bb6 Nxb6 20. axb6 Qb8 21. exd5
exd5 22. Qf5 Re6 23. Rxe6 fxe6 24. Qxe6+ Kf8 25. Re1 Qc8 26. Nd6 Qxe6 27. Rxe6
Nd4 28. Rxf6+ gxf6 29. Nxb7 Rb8 30. N3c5 Ke7 31. Kf2 a5 32. b3 h6 33. Ke3 Ne6
34. Nxe6 Rxb7 35. Nd4 h5 36. Be2 h4 37. Nf5+ Ke6 38. Nxh4 Rxb6 39. Nf3 Rb8 40.
Nd4+ Kd6 41. h4 Rc8 42. h5 Re8+ 43. Kd3 Kc5 44. Bg4 Rg8 45. Bf3 Rh8 46. g4 Kd6
47. h6 Rh7 48. Nf5+ Ke6 49. Kd4 Rd7 50. Ne3 1-0

[Event "Hastings International Chess Congress"]
[Site "?"]
[Date "2012.12.30"]
[Round "3.1"]
[White "Sreeves, Clement"]
[Black "Armstrong, Malcolm J"]
[Result "1-0"]
[WhiteElo "2223"]
[BlackElo "2046"]
[PlyCount "117"]
[EventDate "2012.??.??"]

1. f4 d5 2. Nf3 Nf6 3. e3 g6 4. Be2 Bg7 5. O-O O-O 6. d3 c6 7. Qe1 Nbd7 8. Nc3
b5 9. a3 Bb7 10. e4 Qb6+ 11. Kh1 dxe4 12. dxe4 e5 13. f5 a5 14. Qh4 b4 15. Nd1
c5 16. Nf2 Qc6 17. fxg6 hxg6 18. Ng5 Ba6 19. Ng4 Nh5 20. Bxa6 Rxa6 21. Ne3 f6
22. Nf3 Qb5 23. a4 Qb7 24. Nd5 Nb6 25. Nxb6 Rxb6 26. Be3 Qc7 27. Qg4 Nf4 28.
Bxf4 exf4 29. Nh4 g5 30. Rad1 Rd8 31. Nf5 Rbb8 32. Qe2 c4 33. Rd5 Rxd5 34. exd5
Qe5 35. Qxe5 fxe5 36. Ne7+ Kf7 37. Nc6 Re8 38. Rd1 e4 39. d6 Bf6 40. d7 Ra8 41.
d8=Q Bxd8 42. Nxd8+ Kf6 43. Nc6 e3 44. Kg1 g4 45. Rd4 Kf5 46. Rd5+ Kf6 47. Nd4
b3 48. Rf5+ Kg6 49. Rxf4 c3 50. bxc3 b2 51. Rf1 Rc8 52. Rb1 Rxc3 53. Rxb2 Rc4
54. c3 Rxc3 55. Kf1 Rc4 56. Nc2 Rxa4 57. Nxe3 Kg5 58. g3 Kg6 59. Rc2 1-0

[Event "Hastings International Chess Congress"]
[Site "?"]
[Date "2012.12.30"]
[Round "3.2"]
[White "Ramstad, Havard"]
[Black "Melekhina, FM Alisa"]
[Result "1-0"]
[WhiteElo "2071"]
[BlackElo "2221"]
[PlyCount "75"]
[EventDate "2012.??.??"]
[TimeControl "6600+1740"]
[WhiteClock "0:01:21"]
[BlackClock "0:02:06"]

1. d4 Nf6 2. c4 c5 3. d5 d6 4. Nc3 g6 5. Nf3 Bg7 6. e4 O-O 7. Be2 e5 8. O-O Na6
9. Rb1 Ne8 10. a3 f5 11. Ng5 Nac7 12. exf5 gxf5 13. f4 e4 14. Be3 Nf6 15. Kh1
h6 16. Nh3 a6 17. Nf2 b5 18. cxb5 axb5 19. Nxb5 Nfxd5 20. Bc4 Be6 21. Nxc7 Nxc7
22. Bxe6+ Nxe6 23. Qd5 Qe7 24. Nxe4 fxe4 25. f5 Rae8 26. b4 Qf7 27. Qxd6 Ng5
28. bxc5 Be5 29. Qd1 Kh8 30. Rb6 Qh7 31. Qh5 Bg7 32. f6 Kg8 33. Bxg5 Re5 34.
f7+ Kh8 35. Rxh6 Bxh6 36. Bf6+ Bg7 37. Bxg7+ Kxg7 38. Qxe5+ 1-0

[Event "Hastings International Chess Congress"]
[Site "?"]
[Date "2012.12.30"]
[Round "3.3"]
[White "Lenier, Jude A"]
[Black "Gu, WGM Xiaobing"]
[Result "0-1"]
[WhiteElo "2069"]
[BlackElo "2209"]
[PlyCount "56"]
[EventDate "2012.??.??"]
[TimeControl "6600+835"]
[WhiteClock "0:26:20"]
[BlackClock "0:49:44"]

1. e4 c5 2. Nf3 d6 3. d4 cxd4 4. Nxd4 Nf6 5. Nc3 a6 6. Qf3 g6 7. h3 Bg7 8. Be3
Nc6 9. O-O-O O-O 10. g4 Nxd4 11. Bxd4 Qa5 12. Qe3 Nd7 13. Bxg7 Kxg7 14. h4 Ne5
15. f3 h6 16. h5 g5 17. Be2 Be6 18. f4 gxf4 19. Qxf4 f6 20. a3 Rac8 21. Rdg1
Rxc3 22. bxc3 Qxc3 23. g5 hxg5 24. Rxg5+ Kf7 25. h6 Rc8 26. Rg7+ Kf8 27. Kd1
Qxc2+ 28. Ke1 Qb1+ 0-1

[Event "Hastings International Chess Congress"]
[Site "?"]
[Date "2012.12.30"]
[Round "3.4"]
[White "Jaunooby, Ali R"]
[Black "Haria, Ravi"]
[Result "1-0"]
[WhiteElo "2178"]
[BlackElo "2032"]
[PlyCount "61"]
[EventDate "2012.??.??"]
[TimeControl "6600+1055"]
[WhiteClock "0:14:07"]
[BlackClock "0:02:39"]

1. d4 Nf6 2. Nf3 c5 3. d5 e6 4. c4 b5 5. Bg5 exd5 6. cxd5 d6 7. e4 a6 8. a4 Be7
9. Bxf6 Bxf6 10. axb5 Bxb2 11. Ra2 Bf6 12. bxa6 Bxa6 13. Bb5+ Bxb5 14. Rxa8 O-O
15. Qb3 Ba6 16. Nbd2 Qc7 17. Nc4 Bxc4 18. Qxc4 Qb7 19. Qa2 Qb4+ 20. Nd2 Bg5 21.
Ra4 Qc3 22. Ke2 f5 23. Nf3 Bh6 24. e5 Re8 25. Rb1 Nd7 26. e6 Nf6 27. Rd1 g5 28.
Rd3 Nxd5 29. Rxd5 g4 30. Ne5 Rxe6 31. Rxc5 1-0

[Event "Hastings International Chess Congress"]
[Site "?"]
[Date "2012.12.30"]
[Round "3.5"]
[White "Burnett, Jim"]
[Black "Pickersgill, Adrian O"]
[Result "1-0"]
[WhiteElo "2172"]
[BlackElo "2029"]
[PlyCount "107"]
[EventDate "2012.??.??"]
[TimeControl "6600+835"]
[WhiteClock "0:27:23"]
[BlackClock "0:02:02"]

1. d4 d6 2. g3 Nf6 3. Bg2 c6 4. Nf3 Bg4 5. h3 Bh5 6. O-O Nbd7 7. c4 e5 8. Nc3
Be7 9. e4 O-O 10. Be3 Re8 11. Qd2 a5 12. Rac1 Bf8 13. d5 Bxf3 14. Bxf3 c5 15.
Rb1 Be7 16. Qc2 Nb6 17. Be2 Qd7 18. Kg2 Bd8 19. b3 Qe7 20. a3 Nbd7 21. Rb2 b6
22. Rfb1 h6 23. f3 Bc7 24. Nb5 Rec8 25. h4 Bd8 26. Kf2 Ne8 27. Bf1 Nc7 28. Nc3
Rcb8 29. Qd3 Na6 30. Bh3 Nf8 31. Rg1 Rb7 32. Ke1 Ng6 33. Bf5 Qf6 34. Qf1 Ne7
35. Bh3 Kf8 36. Rbg2 Ng6 37. Kd2 Ke8 38. h5 Nf8 39. f4 Nh7 40. Rf2 Qe7 41. Bf5
Nf6 42. Qh3 Nc7 43. a4 Ng8 44. Re2 Kf8 45. Rge1 Ne8 46. Kc2 Rc7 47. Nb5 Rb7 48.
Rd1 Nc7 49. Nc3 Ne8 50. Red2 Qf6 51. fxe5 dxe5 52. d6 Rbb8 53. Nb5 Ra6 54. Rf2
1-0